Propuesta de desarrollo turístico sustentable para el territorio de Nindirí, Masaya 2021-2035

La propuesta de este trabajo surge de los alcances encaminados al mejoramiento de las condiciones de la infraestructura, la dotación de equipamiento requerido y proyectos y programas que buscan potencializar las rutas turísticas existentes y las actividades que realizan los habitantes en las zona...

Full description

Bibliographic Details
Main Authors: Ruiz Flores, Alisson Pamela, Largaespada Ríos, Gretchel Yarixza
Other Authors: Tutor: Zelaya González, Johanna del Carmen
Format: Tesis Section = Libro
Language:Undetermined
Spanish
Published: Managua UNI 2022
Subjects:
LEADER 01526nam a2200265Ia 4500
008 240830s9999 xx 000 0 und d
040 |a BIBLIOTECA-RUSB/ Mon 338.4791 R934 
041 |a spa 
082 |a Mon 338.4791 R934 
100 1 |a Ruiz Flores, Alisson Pamela 
100 1 |b Largaespada Ríos, Gretchel Yarixza 
245 1 0 |a Propuesta de desarrollo turístico sustentable para el territorio de Nindirí, Masaya 2021-2035 
260 |a Managua  |b UNI  |c 2022 
300 |a 190 p. :il. 
500 |a Contiene: anexos y CD. 
502 |a Tesis (Arquitecto) - UNI, 2022. 
520 3 |a La propuesta de este trabajo surge de los alcances encaminados al mejoramiento de las condiciones de la infraestructura, la dotación de equipamiento requerido y proyectos y programas que buscan potencializar las rutas turísticas existentes y las actividades que realizan los habitantes en las zonas rurales , la generación de capacidades locales y el desarrollo turístico en concordancia con los documentos orientadores y oficiales que posee el municipio.; así como el ámbito socio – económica – cultural mediante el reconocimiento de diversos sitios recreacionales o escénicos debido a la imperante vocación para el turismo y los servicios que ostenta 
650 7 |a TURISMO SOSTENIBLE 
650 7 |b  DESARROLLO TURISTICO-NICARAGUA 
650 7 |c  PLANIFICACION 
650 7 |d  CENTROS TURISTICO-NICARAGUA 
700 1 |a Tutor:  |b Zelaya González, Johanna del Carmen 
942 |c BK  |2 ddc 
991 |a TESIS 
999 |c 27483